| 000 | 00000nam##2200000za#4500 |
| 001 | 9.643357 |
| 003 | CaOODSP |
| 005 | 20210624224130 |
| 007 | cr ||||||||||| |
| 008 | 150407|1978||||xxc|||||o f|0| 0 fre|d |
| 040 | |aCaOODSP|bfre |
| 043 | |an-cn--- |
| 086 | 1 |aA53-1511/1982F-PDF |
| 110 | 1 |aCanada.|bAgriculture Canada. |bDirection générale de recherche. |
| 245 | 10|aHerbicides et brise-vents / |h[ressource électronique]|c[par] R. Esau et R. Grover. |
| 260 | |aOttawa - Ontario : |bAgriculture Canada. |cRévision 1978, réimpression 1982. |
| 300 | |a16p.|btableaux, photographies |
| 500 | |aPublication historique numérisée par Agriculture et Agroalimentaire Canada. «Publication fédérale/provinciale. Canada/Alberta»--p. 3 de 16. |
| 590 | |a14-11-Supp|b2014-05-21 |
| 691 | 07|aHerbicide|2gcpds |
| 691 | 07|aTechnologie agricole|2gcpds |
| 856 | 40|ahttp://publications.gc.ca|qPDF|s1,024 Ko|uhttps://publications.gc.ca/collections/collection_2014/aac-aafc/agrhist/A53-1511-1982-fra.pdf |
| 986 | |a1511 |